Guess the Drummer From the Picture Provided - Statistics

General Stats
  • This quiz has been taken 37 times
  • The average score is 10 of 28
Answer Stats
Picture Answer % Correct
Ringo Starr
97%
Dave Grohl
82%
Phil Collins
82%
Charlie Watts
67%
John Bonham
67%
Keith Moon
67%
Meg White
64%
Mick Fleetwood
61%
Ginger Baker
58%
Stewart Copeland
55%
Taylor Hawkins
48%
Chad Smith
39%
Mitch Mitchell
30%
Don Henley
27%
Nick Mason
27%
Moe Tucker
24%
Paul Cook
24%
Phil Rudd
18%
Larry Mullen Jr.
9%
Steve Shelley
9%
Brad Wilk
6%
Dave Lombardo
6%
Jimmy Chamberlin
6%
Terry Bozzio
6%
David Lovering
3%
D.H. Peligro
3%
Kram
3%
Rob Hirst
3%
No matching quizzes found
Score Distribution
Percent of People with Each Score
Percentile by Number Answered
Your Score History
You have not taken this quiz